| 000 | 00861nam a2200253 i 4500 | ||
|---|---|---|---|
| 001 | 188720 | ||
| 003 | SpMaBN | ||
| 005 | 20250805012248.0 | ||
| 008 | 190207s1997 sp ao |||| | spa d | ||
| 020 | _a84-7782-441-X | ||
| 080 | _a77(460)(091) | ||
| 100 | 1 |
_aLópez Mondéjar, Publio, _d1946- _973789 |
|
| 245 | 1 | 0 |
_aHistoria de la fotografía en España / _cPublio López Mondéjar. |
| 260 |
_aBarcelona : _bLunwerg, _c[1997] |
||
| 300 |
_a302 p. : _bil., fot. ; _c22 cm. |
||
| 500 | _aGlosario. | ||
| 500 | _aÍndice onomástico. | ||
| 504 | _aBibliografía: p. 287-289. | ||
| 650 | 7 |
_aFotografía- _zEspaña- _vHistoria. _9166174 |
|
| 852 |
_aES-MaACL _9195854 _jN-7327/Ej.1 _cDEPO1 _bR.131089 _dN-7327 |
||
| 852 |
_aES-MaACL _9200599 _bR.127290 _jA-15078 _cDEPO1 _dOlim: 771.3 LOP his |
||
| 942 |
_2udc _cMONOGRAFIA |
||
| 999 |
_c188720 _d188720 |
||